[Event "FICS rated blitz game"]
[Site "FICS freechess.org"]
[Date "2018.01.29"]
[Round "?"]
[White "RADACK"]
[Black "dalto"]
[Result "1/2-1/2"]
[WhiteElo "1599"]
[BlackElo "1460"]
[PlyCount "109"]
[EventDate "2018.??.??"]
[EventType "blitz"]

1. e4 e5 2. Nf3 Nc6 3. c3 Bc5 4. b4 Bb6 5. b5 Nce7 6. Nxe5 Nf6 7. Qc2 d5 8.
exd5 Qxd5 9. d4 O-O 10. Be3 Bf5 11. Bd3 Bxd3 12. Qxd3 c5 13. bxc6 Nxc6 14. Nxc6
bxc6 15. O-O c5 16. Nd2 cxd4 17. Bxd4 Bxd4 18. Qxd4 Qg5 19. Nf3 Qg6 20. Rfd1
Rfc8 21. Rab1 Ne4 22. Ne5 Qf5 23. c4 f6 24. Nf3 Re8 25. Qd5+ Qxd5 26. cxd5 Nc3
27. Rbc1 Nxd1 28. Rxd1 Red8 29. h3 Kf7 30. Ne1 Rac8 31. Kf1 Rc5 32. d6 Ke6 33.
d7 Rxd7 34. Rxd7 Kxd7 35. Ke2 Rb5 36. Nd3 a5 37. Ke3 a4 38. Kd4 Rb6 39. Kc5
Rc6+ 40. Kb4 Rc2 41. a3 Rd2 42. Nc5+ Kc6 43. Nxa4 Rxf2 44. Nc3 Rxg2 45. a4 Rh2
46. a5 Rxh3 47. a6 Rh1 48. Nb5 Ra1 49. a7 Kb7 50. Kc5 Rxa7 51. Nxa7 Kxa7 52.
Kd6 f5 53. Ke5 g5 54. Kxf5 h5 55. Kxg5 1/2-1/2

[Event "FICS rated blitz game"]
[Site "FICS freechess.org"]
[Date "2018.01.29"]
[Round "?"]
[White "Toni"]
[Black "FrankHeller"]
[Result "1-0"]
[WhiteElo "1512"]
[BlackElo "1620"]
[PlyCount "63"]
[EventDate "2018.??.??"]
[EventType "blitz"]

1. e4 e5 2. Nf3 Nc6 3. c3 Nf6 4. d4 d5 5. Bb5 dxe4 6. Nxe5 Bd7 7. Qb3 Nxe5 8.
dxe5 Bxb5 9. Qxb5+ Nd7 10. e6 fxe6 11. O-O Bd6 12. Qxb7 O-O 13. Qxe4 Qf6 14.
Be3 Rab8 15. Nd2 Rxb2 16. Nc4 Re2 17. Qd3 Ne5 18. Qxe2 Qh4 19. Nxd6 cxd6 20.
Bd4 Ng4 21. h3 e5 22. Qxg4 Qxg4 23. hxg4 exd4 24. cxd4 Rf4 25. Rfd1 Rxg4 26.
Rac1 Kf7 27. Rc7+ Ke6 28. Rxa7 h5 29. a4 h4 30. a5 h3 31. g3 g5 32. a6 1-0

[Event "FICS unrated blitz game"]
[Site "FICS freechess.org"]
[Date "2018.01.29"]
[Round "?"]
[White "ukw"]
[Black "overtherainbow"]
[Result "0-1"]
[WhiteElo "1615"]
[BlackElo "1520"]
[PlyCount "82"]
[EventDate "2018.??.??"]
[EventType "blitz"]

1. e4 e5 2. Nf3 Nc6 3. c3 d5 4. Qa4 dxe4 5. Nxe5 Bd7 6. Nxd7 Qxd7 7. Qxe4+ Be7
8. Bb5 Nf6 9. Bxc6 bxc6 10. Qe2 O-O 11. O-O Rfe8 12. Qf3 Bd6 13. d4 Re6 14. Bg5
Rae8 15. Nd2 h6 16. Bh4 Nd5 17. Bg3 Rf6 18. Qd3 Nf4 19. Bxf4 Bxf4 20. Rfe1 Rfe6
21. Rxe6 Qxe6 22. Nf3 Qe2 23. Qf5 Bd6 24. b3 Qb2 25. Re1 Rxe1+ 26. Nxe1 Qxc3
27. Kf1 Qxd4 28. Qc8+ Bf8 29. Qxc7 c5 30. Qxa7 Qa1 31. a3 Qa2 32. Qa4 Qb1 33.
Qc4 Qa1 34. a4 Be7 35. Qe4 Bf6 36. b4 cxb4 37. Qxb4 Bc3 38. Qe4 Bxe1 39. Qxe1
Qxa4 40. Qe8+ Kh7 41. Qxf7 Qd1# {White checkmated} 0-1

[Event "FICS rated standard game"]
[Site "FICS freechess.org"]
[Date "2018.01.29"]
[Round "?"]
[White "Nidifugous"]
[Black "StickyPawn"]
[Result "1-0"]
[WhiteElo "1488"]
[BlackElo "1919"]
[PlyCount "59"]
[EventDate "2018.??.??"]

1. e4 e5 2. Nf3 Nc6 3. c3 Nf6 4. d3 Be7 5. b4 d5 6. exd5 Qxd5 7. Qb3 Qxb3 8.
axb3 b5 9. Be2 Be6 10. Nbd2 O-O 11. Ra6 Bd7 12. d4 exd4 13. Nxd4 Nxd4 14. cxd4
Bxb4 15. O-O c5 16. Nb1 cxd4 17. Ba3 Bxa3 18. Nxa3 b4 19. Nc4 Bb5 20. Ra5 a6
21. Re1 Rfe8 22. Kf1 Rad8 23. g3 Nd5 24. Bf3 Nc3 25. Rxe8+ Rxe8 26. Kg2 Rd8 27.
Ne5 d3 28. Bh5 g6 29. Bf3 d2 30. Ra1 1-0

[Event "FICS rated blitz game"]
[Site "FICS freechess.org"]
[Date "2018.01.29"]
[Round "?"]
[White "RADACK"]
[Black "Caarreeyy"]
[Result "0-1"]
[WhiteElo "1567"]
[BlackElo "1571"]
[PlyCount "56"]
[EventDate "2018.??.??"]
[EventType "blitz"]

1. e4 e5 2. Nf3 Nc6 3. c3 Bc5 4. b4 Bb6 5. b5 Na5 6. d4 exd4 7. cxd4 d5 8. e5
Bg4 9. Be3 Ne7 10. Be2 O-O 11. O-O c6 12. a4 Nc4 13. Nbd2 Nxe3 14. fxe3 Nf5 15.
Qb3 Kh8 16. h3 Bxf3 17. Rxf3 g6 18. Bd3 Nxd4 19. exd4 Bxd4+ 20. Kh1 Bxa1 21. e6
fxe6 22. Rxf8+ Qxf8 23. bxc6 bxc6 24. Qb7 Be5 25. Qxc6 Rc8 26. Qxe6 Rc1+ 27.
Nf1 Rxf1+ 28. Bxf1 Qxf1# {White checkmated} 0-1

[Event "FICS rated standard game"]
[Site "FICS freechess.org"]
[Date "2018.01.29"]
[Round "?"]
[White "GrandmaLurKing"]
[Black "nicolaimanusb"]
[Result "0-1"]
[WhiteElo "1533"]
[BlackElo "1579"]
[PlyCount "116"]
[EventDate "2018.??.??"]

1. e4 e5 2. Nf3 Nc6 3. c3 Nf6 4. d3 h6 5. Na3 Be7 6. Be2 d5 7. b4 a6 8. exd5
Nxd5 9. b5 axb5 10. c4 bxc4 11. dxc4 Nc3 12. Qxd8+ Bxd8 13. Nb5 Nxe2 14. Kxe2
O-O 15. Ba3 Re8 16. Kd2 e4 17. Rae1 Bd7 18. Ng1 Bg5+ 19. Re3 Bxe3+ 20. fxe3
Rec8 21. Ne2 Ne5 22. Rc1 Bxb5 23. cxb5 Rxa3 24. Rc3 Rxa2+ 25. Kd1 Rd8+ 26. Nd4
Ra1+ 27. Kd2 c6 28. bxc6 bxc6 29. h4 Ra2+ 30. Rc2 Nc4+ 31. Kc3 Rxc2+ 32. Nxc2
Ne5 33. Nd4 g6 34. g3 c5 35. h5 cxd4+ 36. exd4 Nd3 37. hxg6 fxg6 38. Kc4 h5 39.
d5 Nf2 40. Kd4 Kf7 41. Ke3 Nh1 42. Kxe4 Nxg3+ 43. Kf4 h4 44. Kg4 Nf5 45. Kf4
Rxd5 46. Ke4 Rd4+ 47. Kf3 g5 48. Kg2 g4 49. Kh2 Rd3 50. Kg2 h3+ 51. Kh2 Kg6 52.
Kg1 Kg5 53. Kh2 Kh4 54. Kg1 g3 55. Kf1 h2 56. Kg2 Ne3+ 57. Kf3 h1=Q+ 58. Ke2
Qd1# {White checkmated} 0-1

[Event "FICS rated blitz game"]
[Site "FICS freechess.org"]
[Date "2018.01.29"]
[Round "?"]
[White "SargonV"]
[Black "Groll"]
[Result "0-1"]
[WhiteElo "1529"]
[BlackElo "1517"]
[PlyCount "84"]
[EventDate "2018.??.??"]
[EventType "blitz"]

1. e4 e5 2. Nf3 Nc6 3. c3 d5 4. Qa4 Bd6 5. exd5 Bd7 6. dxc6 Bxc6 7. Qd1 Nf6 8.
Be2 O-O 9. d3 e4 10. dxe4 Nxe4 11. O-O Qe7 12. Nbd2 Rad8 13. Qc2 Nf6 14. Re1
Qd7 15. Nf1 h6 16. Ng3 Rfe8 17. Nf5 Be4 18. Nxh6+ gxh6 19. Qd2 Bxf3 20. gxf3
Bxh2+ 21. Kxh2 Qxd2 22. Bxd2 Rxd2 23. Bc4 Rxe1 24. Rxe1 Rxf2+ 25. Kg3 Rxb2 26.
Re7 Nh5+ 27. Kg4 Ng7 28. Rxf7 Kh7 29. Rxc7 a6 30. Bb3 b5 31. Ra7 Rg2+ 32. Kf4
h5 33. Rxa6 h4 34. c4 h3 35. cxb5 h2 36. b6 h1=Q 37. b7 Qc1+ 38. Ke4 Re2+ 39.
Kd3 Rd2+ 40. Ke4 Qe1+ 41. Kf4 Rd4+ 42. Kg5 Qh4# {White checkmated} 0-1

[Event "FICS rated blitz game"]
[Site "FICS freechess.org"]
[Date "2018.01.29"]
[Round "?"]
[White "zbobi"]
[Black "RMV"]
[Result "1-0"]
[WhiteElo "1497"]
[BlackElo "1383"]
[PlyCount "47"]
[EventDate "2018.??.??"]
[EventType "blitz"]

1. e4 e5 2. Nf3 Nc6 3. c3 Nf6 4. d3 d6 5. c4 Bg4 6. Be2 Be7 7. Nbd2 O-O 8. a3
Nd7 9. b4 a6 10. O-O f5 11. Bb2 fxe4 12. Nxe4 Nd4 13. Nxd4 exd4 14. Bxg4 Ne5
15. Be6+ Kh8 16. Bh3 Bh4 17. Bxd4 Qe7 18. f4 Ng6 19. f5 Ne5 20. Bxe5 Qxe5 21.
Qg4 Bf6 22. Nxf6 Rxf6 23. Qe4 Qc3 24. Qxb7 1-0

[Event "FICS rated blitz game"]
[Site "FICS freechess.org"]
[Date "2018.01.29"]
[Round "?"]
[White "DroukLazher"]
[Black "varkster"]
[Result "0-1"]
[WhiteElo "1386"]
[BlackElo "1437"]
[PlyCount "62"]
[EventDate "2018.??.??"]
[EventType "blitz"]

1. e4 e5 2. Nf3 Nc6 3. c3 d6 4. b4 Nf6 5. Bb5 Bd7 6. O-O Nxe4 7. Re1 f5 8. d3
Nf6 9. d4 e4 10. Bxc6 bxc6 11. Bg5 Be7 12. Nh4 O-O 13. Bxf6 Bxf6 14. Qh5 Bxh4
15. Nd2 Re8 16. Qd1 e3 17. fxe3 Bxe1 18. Qxe1 f4 19. Nc4 d5 20. Ne5 Rxe5 21.
dxe5 fxe3 22. Qxe3 Be6 23. Re1 a5 24. a3 axb4 25. axb4 Ra3 26. Qc5 Qe8 27. b5
Ra5 28. Qxc6 Qxc6 29. bxc6 Rc5 30. Ra1 Rxc6 31. Ra8+ Kf7 {White resigns} 0-1

[Event "FICS rated blitz game"]
[Site "FICS freechess.org"]
[Date "2018.01.29"]
[Round "?"]
[White "BiH"]
[Black "Gargoyles"]
[Result "0-1"]
[WhiteElo "1597"]
[BlackElo "1646"]
[PlyCount "28"]
[EventDate "2018.??.??"]
[EventType "blitz"]

1. e4 e5 2. Nf3 Nc6 3. c3 d5 4. Qa4 dxe4 5. Nxe5 Bd7 6. Qxe4 Qe7 7. d4 f6 8. f4
fxe5 9. fxe5 Nf6 10. Qf3 O-O-O 11. Be2 Nxe5 12. dxe5 Qxe5 13. Qe3 Re8 14. Kf2
Bc5 {White resigns} 0-1

[Event "FICS rated blitz game"]
[Site "FICS freechess.org"]
[Date "2018.01.29"]
[Round "?"]
[White "proximab"]
[Black "manuperez"]
[Result "1-0"]
[WhiteElo "2085"]
[BlackElo "1429"]
[PlyCount "21"]
[EventDate "2018.??.??"]
[EventType "blitz"]

1. e4 e5 2. Nf3 Nc6 3. c3 Nf6 4. d4 exd4 5. e5 Qe7 6. cxd4 d5 7. Nc3 Bg4 8. Be3
Bxf3 9. Qxf3 Nd7 10. Nxd5 Qe6 11. Nxc7+ {Black resigns} 1-0

[Event "FICS rated blitz game"]
[Site "FICS freechess.org"]
[Date "2018.01.29"]
[Round "?"]
[White "BiH"]
[Black "Gargoyles"]
[Result "0-1"]
[WhiteElo "1564"]
[BlackElo "1661"]
[PlyCount "68"]
[EventDate "2018.??.??"]
[EventType "blitz"]

1. e4 e5 2. Nf3 Nc6 3. c3 Nf6 4. d4 Nxe4 5. d5 Nb8 6. Nxe5 Be7 7. Be2 O-O 8.
O-O d6 9. Nf3 Nd7 10. c4 a5 11. Be3 Bf6 12. Qc2 Ndc5 13. Nbd2 Bf5 14. Bxc5 Ng3
15. Qd1 Nxf1 16. Nxf1 dxc5 17. Ne3 Bg6 18. Qd2 Qd6 19. Re1 Rfe8 20. Ng4 a4 21.
Nxf6+ Qxf6 22. Rd1 Re7 23. h3 Rae8 24. Bf1 Be4 25. Ng5 h6 26. Nxe4 Rxe4 27. Bd3
Rd4 28. Qc2 a3 29. bxa3 Qe5 30. Qb3 b6 31. a4 Qf4 32. Rf1 Qd2 33. Bb1 Re1 34.
Rxe1 Qxe1+ 0-1

[Event "FICS rated blitz game"]
[Site "FICS freechess.org"]
[Date "2018.01.29"]
[Round "?"]
[White "JoaoC"]
[Black "RENGANATHAN"]
[Result "1/2-1/2"]
[WhiteElo "1527"]
[BlackElo "1386"]
[PlyCount "96"]
[EventDate "2018.??.??"]
[EventType "blitz"]

1. e4 e5 2. Nf3 Nc6 3. c3 Bc5 4. Be2 Nf6 5. d3 d5 6. Nbd2 dxe4 7. Nxe4 Nxe4 8.
dxe4 O-O 9. O-O Qe7 10. Qc2 h6 11. b4 Bb6 12. a4 a6 13. Bb2 Bg4 14. b5 axb5 15.
axb5 Na5 16. c4 c6 17. bxc6 Nxc6 18. Rxa8 Rxa8 19. Ra1 Rxa1+ 20. Bxa1 Bxf3 21.
Bxf3 Nd4 22. Bxd4 Bxd4 23. Kf1 Qb4 24. Bg4 b6 25. Bd7 f6 26. Qa2 Qa5 27. Qxa5
bxa5 28. Ke2 Kf7 29. f3 Ke7 30. Bb5 g5 31. Kd3 h5 32. h3 h4 33. Kc2 Kd6 34. Kb3
Kc5 35. Be8 Be3 36. Bf7 Bd2 37. Ka4 Bb4 38. Kb3 Kd4 39. Be6 Ke3 40. Ka4 Kf2 41.
Bg4 Kxg2 42. c5 Bxc5 43. Kxa5 Kg3 44. Kb5 Be3 45. Kc4 Bf4 46. Kd5 Kf2 47. Ke6
Ke3 48. Kxf6 Kd3 1/2-1/2

[Event "FICS rated blitz game"]
[Site "FICS freechess.org"]
[Date "2018.01.29"]
[Round "?"]
[White "dhamayanti"]
[Black "lagrein"]
[Result "1-0"]
[WhiteElo "1601"]
[BlackElo "1446"]
[PlyCount "111"]
[EventDate "2018.??.??"]
[EventType "blitz"]

1. e4 e5 2. Nf3 Nc6 3. c3 Nf6 4. d3 h6 5. Be2 Bc5 6. O-O O-O 7. b4 Bb6 8. b5
Na5 9. Nxe5 d6 10. Nf3 Be6 11. Qc2 c6 12. bxc6 Nxc6 13. c4 Nd4 14. Nxd4 Bxd4
15. Bb2 Bc5 16. d4 Bb6 17. d5 Bg4 18. a4 Rc8 19. Na3 a6 20. Bxg4 Nxg4 21. Qe2
Qh4 22. h3 Nf6 23. Kh2 Nxe4 24. g3 Qe7 25. f3 Rfe8 26. fxe4 Qxe4 27. Qxe4 Rxe4
28. Rae1 Rxe1 29. Rxe1 Ba5 30. Re7 b5 31. axb5 axb5 32. Kg2 bxc4 33. Nb5 c3 34.
Bc1 Rc5 35. Nxd6 Rxd5 36. Ne4 c2 37. Kf3 Rd1 38. Bb2 Rb1 39. Ba3 Bb4 40. Re8+
Kh7 41. Bxb4 c1=Q 42. Bd2 Rb3+ 43. Ke2 Qc4+ 44. Ke1 Rb1+ 45. Kf2 Qf1+ 46. Ke3
Qxh3 47. Re7 Rb3+ 48. Kd4 Qh5 49. Kc4 Qb5+ 50. Kd4 Qb6+ 51. Kc4 Qb5+ 52. Kd4 f5
53. Nc5 Rxg3 54. Re5 Rg4+ 55. Ke3 Qb1 56. Nd3 1-0

[Event "FICS rated blitz game"]
[Site "FICS freechess.org"]
[Date "2018.01.29"]
[Round "?"]
[White "Sakeer"]
[Black "jvlick"]
[Result "1-0"]
[WhiteElo "1629"]
[BlackElo "1612"]
[PlyCount "49"]
[EventDate "2018.??.??"]
[EventType "blitz"]

1. e4 e5 2. Nf3 Nc6 3. c3 Nf6 4. d4 exd4 5. e5 Qe7 6. cxd4 d6 7. Be2 dxe5 8.
dxe5 Ng4 9. Bf4 Ngxe5 10. Nxe5 Nxe5 11. O-O Be6 12. Qa4+ Bd7 13. Qb3 O-O-O 14.
Nc3 Ng6 15. Be3 a6 16. Bxa6 bxa6 17. Nd5 Qd6 18. Rad1 Qc6 19. Rc1 Qb7 20. Nb6+
Kb8 21. Nxd7+ Rxd7 22. Qa4 Rd8 23. Rc3 Kc8 24. Rb3 Qa7 25. Bxa7 {Black resigns}
1-0

[Event "FICS rated standard game"]
[Site "FICS freechess.org"]
[Date "2018.01.29"]
[Round "?"]
[White "isavich"]
[Black "Euphron"]
[Result "0-1"]
[WhiteElo "1557"]
[BlackElo "1557"]
[PlyCount "44"]
[EventDate "2018.??.??"]

1. e4 e5 2. Nf3 Nc6 3. c3 Nf6 4. d4 d5 5. exd5 Qxd5 6. c4 Qe4+ 7. Be2 Nxd4 8.
Nxd4 Qxd4 9. Nd2 Bb4 10. O-O O-O 11. Nf3 Qxd1 12. Rxd1 Re8 13. Bg5 Ne4 14. Be3
Bg4 15. Bc5 Bxc5 16. Rd5 f6 17. a3 c6 18. Rdd1 Nxf2 19. Rdb1 Ne4+ 20. Kh1 Rad8
21. Ra2 Rd2 22. Raa1 Rxe2 0-1

[Event "FICS rated blitz game"]
[Site "FICS freechess.org"]
[Date "2018.01.29"]
[Round "?"]
[White "seved"]
[Black "Alogron"]
[Result "1-0"]
[WhiteElo "1576"]
[BlackElo "1574"]
[PlyCount "77"]
[EventDate "2018.??.??"]
[EventType "blitz"]

1. e4 e5 2. Nf3 Nc6 3. c3 Nf6 4. d4 exd4 5. e5 Ng4 6. cxd4 d6 7. h3 Nh6 8. Bb5
Nf5 9. d5 a6 10. Ba4 b5 11. dxc6 bxa4 12. O-O Be7 13. Nc3 O-O 14. Bf4 a3 15.
bxa3 a5 16. a4 Ba6 17. Re1 dxe5 18. Bxe5 Bb4 19. a3 Qxd1 20. Rexd1 Bd6 21. g4
Bxe5 22. Nxe5 Nd6 23. Nd5 Rac8 24. Nd7 Rfe8 25. Nc5 Bc4 26. Nxc7 Rxc7 27. Rxd6
Rec8 28. Rc1 Be2 29. Nb3 g6 30. Nxa5 Bf3 31. Kh2 Ra7 32. Rc5 Rca8 33. c7 Rc8
34. Rd8+ Rxd8 35. cxd8=Q+ Kg7 36. Qd4+ Kh6 37. g5+ Kh5 38. Kg3 Bh1 39. Qh4# {
Black checkmated} 1-0

[Event "FICS rated standard game"]
[Site "FICS freechess.org"]
[Date "2018.01.29"]
[Round "?"]
[White "DrbKa"]
[Black "markkko"]
[Result "0-1"]
[WhiteElo "1720"]
[BlackElo "1290"]
[PlyCount "62"]
[EventDate "2018.??.??"]

1. e4 e5 2. Nf3 Nc6 3. c3 Nf6 4. d4 d6 5. Bb5 Bd7 6. dxe5 dxe5 7. Bg5 Be7 8.
Nxe5 Nxe5 9. O-O Nxe4 10. Bh4 g5 11. Qe1 gxh4 12. Qxe4 Bf6 13. Rd1 O-O 14. Rxd7
Nxd7 15. Qxb7 Nc5 16. Qf3 Rb8 17. Bc4 Bg7 18. b4 Ne6 19. Na3 a6 20. Rb1 Ra8 21.
Rd1 Qe7 22. b5 a5 23. Qxa8 Rxa8 24. g3 Qxa3 25. gxh4 Qxc3 26. Bd5 Rd8 27. b6
cxb6 28. Bxe6 Rxd1+ 29. Kg2 fxe6 30. f4 Rd2+ 31. Kf1 Qc1# {White checkmated}
0-1

[Event "FICS rated blitz game"]
[Site "FICS freechess.org"]
[Date "2018.01.29"]
[Round "?"]
[White "RADACK"]
[Black "RealHuman"]
[Result "1-0"]
[WhiteElo "1584"]
[BlackElo "1424"]
[PlyCount "55"]
[EventDate "2018.??.??"]
[EventType "blitz"]

1. e4 e5 2. Nf3 Nc6 3. c3 Nf6 4. Qc2 d5 5. exd5 Nxd5 6. d4 exd4 7. cxd4 Bg4 8.
Qe4+ Qe7 9. Qxe7+ Bxe7 10. Be3 Bxf3 11. gxf3 O-O-O 12. Bc4 Bf6 13. Nc3 Nb6 14.
Bxf7 Bxd4 15. O-O-O Bxc3 16. bxc3 Rhf8 17. Be6+ Kb8 18. Bg4 g6 19. f4 Nd5 20.
Bf3 Nxf4 21. Rxd8+ Nxd8 22. Rd1 Nde6 23. Rd7 h6 24. Rh7 h5 25. Kc2 b6 26. a4 a6
27. Bc6 Ng2 28. Bxg2 {Black resigns} 1-0

[Event "FICS rated blitz game"]
[Site "FICS freechess.org"]
[Date "2018.01.29"]
[Round "?"]
[White "jsssstplayinn"]
[Black "fluters"]
[Result "1-0"]
[WhiteElo "1629"]
[BlackElo "1657"]
[PlyCount "77"]
[EventDate "2018.??.??"]
[EventType "blitz"]

1. e4 e5 2. Nf3 Nc6 3. c3 Nf6 4. d4 exd4 5. e5 Nd5 6. cxd4 Bb4+ 7. Bd2 O-O 8.
Bc4 Nb6 9. Bb3 d5 10. O-O Bg4 11. Bg5 Be7 12. Bxe7 Qxe7 13. Nbd2 Nxd4 14. h3
Nxf3+ 15. Nxf3 Bxf3 16. Qxf3 Qxe5 17. Rfe1 Qd6 18. Rad1 c6 19. a4 Nd7 20. Bc2
a6 21. Qg4 Nf6 22. Qh4 Rae8 23. Rxe8 Rxe8 24. g3 Ne4 25. Bxe4 Qe5 26. Qxh7+ Kf8
27. Bg2 d4 28. Bf3 c5 29. Kf1 b5 30. Qh8+ Ke7 31. Qh5 Qf6 32. Qxc5+ Kd8 33.
Rxd4+ Qd6 34. Qxd6+ Kc8 35. Qd7+ Kb8 36. Qxe8+ Ka7 37. axb5 axb5 38. Qxb5 f5
39. Ra4# {Black checkmated} 1-0

[Event "FICS rated blitz game"]
[Site "FICS freechess.org"]
[Date "2018.01.29"]
[Round "?"]
[White "chintar"]
[Black "Freejackgold"]
[Result "0-1"]
[WhiteElo "1524"]
[BlackElo "1613"]
[PlyCount "90"]
[EventDate "2018.??.??"]
[EventType "blitz"]

1. e4 e5 2. Nf3 Nc6 3. c3 d5 4. exd5 Qxd5 5. d3 Bg4 6. Be2 O-O-O 7. O-O e4 8.
c4 Qh5 9. Nd4 Bxe2 10. Nxe2 exd3 11. Ng3 Qh4 12. Bd2 Qxc4 13. Nc3 Nf6 14. Rc1
Qh4 15. Qf3 Ng4 16. h3 Nge5 17. Qf5+ Kb8 18. Bg5 g6 19. Bxh4 gxf5 20. Bxd8 Nxd8
21. Nxf5 Ndc6 22. Rcd1 Bc5 23. Na4 Bf8 24. f4 Nc4 25. Rxd3 b5 26. b3 Nd6 27.
Nxd6 Bxd6 28. Nc3 Nb4 29. Rd2 a6 30. a3 Nc6 31. b4 Re8 32. Nd5 Kb7 33. Nf6 Re3
34. Rf3 Re1+ 35. Kh2 Ra1 36. Nd7 a5 37. Nc5+ Kb6 38. g3 Bxc5 39. bxc5+ Kxc5 40.
Rd7 b4 41. axb4+ axb4 42. Rxc7 Kb6 43. Rxf7 Ra2+ 44. Kg1 Nd4 45. Rb3 Nxb3 {
White resigns} 0-1

[Event "FICS rated blitz game"]
[Site "FICS freechess.org"]
[Date "2018.01.29"]
[Round "?"]
[White "sirpicha"]
[Black "emmanuelde"]
[Result "1-0"]
[WhiteElo "1563"]
[BlackElo "1587"]
[PlyCount "71"]
[EventDate "2018.??.??"]
[EventType "blitz"]

1. e4 e5 2. Nf3 Nc6 3. c3 Bc5 4. d4 exd4 5. cxd4 Bb6 6. Nc3 d6 7. Bc4 Bg4 8.
O-O Bxd4 9. Qb3 Qe7 10. Nxd4 Nxd4 11. Qa4+ Qd7 12. Be3 Nc6 13. f3 Be6 14. Nd5
Nge7 15. Rad1 O-O 16. Qb3 Rab8 17. a3 Ne5 18. Be2 Kh8 19. Qc2 c6 20. Nf4 N7g6
21. Nxe6 fxe6 22. f4 Nf7 23. e5 d5 24. Bd3 Qc7 25. Bxg6 hxg6 26. Qxg6 Nh6 27.
Qxe6 Rbe8 28. Qh3 Rf5 29. Rf3 Qf7 30. Rdf1 Rf8 31. Qg3 b6 32. Bd4 c5 33. Bc3 d4
34. Bd2 Qc4 35. e6 Qxe6 36. Re1 1-0

[Event "FICS rated standard game"]
[Site "FICS freechess.org"]
[Date "2018.01.29"]
[Round "?"]
[White "kattai"]
[Black "mesli"]
[Result "0-1"]
[WhiteElo "1314"]
[BlackElo "1725"]
[PlyCount "60"]
[EventDate "2018.??.??"]

1. e4 e5 2. Nf3 Nc6 3. c3 Nf6 4. d3 d5 5. Bg5 Be7 6. d4 Nxe4 7. dxe5 Bxg5 8. h4
Bh6 9. Bd3 Bg4 10. O-O Nxe5 11. Bxe4 dxe4 12. Qxd8+ Rxd8 13. Nxe5 Be6 14. b3
O-O 15. c4 f6 16. f4 fxe5 17. fxe5 Rxf1+ 18. Kxf1 Rd1+ 19. Ke2 Rc1 20. g3 Bf5
21. a4 e3 22. c5 Rxb1 23. Rxb1 Bxb1 24. b4 Bc2 25. b5 Bxa4 26. b6 Bb5+ 27. Kd1
axb6 28. cxb6 cxb6 29. e6 Kf8 30. Kc2 e2 0-1

[Event "FICS rated blitz game"]
[Site "FICS freechess.org"]
[Date "2018.01.29"]
[Round "?"]
[White "BiH"]
[Black "valli"]
[Result "1-0"]
[WhiteElo "1578"]
[BlackElo "1606"]
[PlyCount "97"]
[EventDate "2018.??.??"]
[EventType "blitz"]

1. e4 e5 2. Nf3 Nc6 3. c3 Bc5 4. d4 exd4 5. cxd4 Bb4+ 6. Nc3 d5 7. e5 Bg4 8.
Be2 Nge7 9. O-O O-O 10. a3 Ba5 11. Bg5 h6 12. Be3 Bb6 13. h3 Bh5 14. Na4 Nf5
15. Nxb6 Nxe3 16. fxe3 axb6 17. Qe1 Ne7 18. Qh4 Bg6 19. Qg4 Qc8 20. Nh4 Qxg4
21. Bxg4 Be4 22. Rac1 c6 23. Nf5 Nxf5 24. Bxf5 Bxf5 25. Rxf5 Rfe8 26. Rcf1 Re7
27. R1f4 b5 28. e4 dxe4 29. Rxe4 Ra4 30. Kf2 Rc4 31. Ke3 Rc2 32. Rf2 Rc4 33.
Kd3 Kf8 34. e6 f6 35. Re1 Ke8 36. b3 Rc7 37. bxc4 bxc4+ 38. Kxc4 Ke7 39. Kc5 b5
40. Rd2 Ra7 41. Rd3 Ra6 42. g4 g6 43. h4 f5 44. gxf5 gxf5 45. Rg3 h5 46. Rg7+
Kf6 47. Rf7+ Kg6 48. Rg1+ Kh6 49. e7 1-0

[Event "FICS rated standard game"]
[Site "FICS freechess.org"]
[Date "2018.01.29"]
[Round "?"]
[White "piaanist"]
[Black "malachifnord"]
[Result "0-1"]
[WhiteElo "1462"]
[BlackElo "1431"]
[PlyCount "24"]
[EventDate "2018.??.??"]

1. e4 e5 2. Nf3 Nc6 3. c3 Nf6 4. d3 d5 5. Bg5 Be7 6. d4 O-O 7. dxe5 Ng4 8. Bxe7
Qxe7 9. exd5 Ncxe5 10. Nxe5 Qxe5+ 11. Be2 Re8 12. O-O Qxh2# {White checkmated}
0-1

[Event "FICS unrated blitz game"]
[Site "FICS freechess.org"]
[Date "2018.01.29"]
[Round "?"]
[White "ukw"]
[Black "Wackelzahn"]
[Result "0-1"]
[WhiteElo "1615"]
[BlackElo "1762"]
[PlyCount "34"]
[EventDate "2018.??.??"]
[EventType "blitz"]

1. e4 e5 2. Nf3 Nc6 3. c3 d5 4. Qa4 Bd7 5. exd5 Nd4 6. Qd1 Nxf3+ 7. Qxf3 Nf6 8.
Bc4 e4 9. Qe3 b6 10. O-O Bc5 11. d4 Bd6 12. Nd2 O-O 13. Nxe4 Ng4 14. Qe2 Bxh2+
15. Kh1 Qh4 16. Bg5 Qh5 17. Nf6+ gxf6 {White resigns} 0-1

[Event "FICS rated blitz game"]
[Site "FICS freechess.org"]
[Date "2018.01.29"]
[Round "?"]
[White "Toni"]
[Black "doubleabood"]
[Result "0-1"]
[WhiteElo "1525"]
[BlackElo "1613"]
[PlyCount "66"]
[EventDate "2018.??.??"]
[EventType "blitz"]

1. e4 e5 2. Nf3 Nc6 3. c3 d5 4. Qa4 Bd7 5. exd5 Nd4 6. Qd1 Nxf3+ 7. Qxf3 Nf6 8.
Bc4 Bc5 9. d3 O-O 10. O-O Bg4 11. Qg3 e4 12. dxe4 h5 13. h3 Nxe4 14. Qf4 Qh4
15. hxg4 hxg4 16. Qxe4 Rae8 17. Qf4 Bxf2+ 18. Rxf2 Re1+ 19. Rf1 Rxf1+ 20. Kxf1
Re8 21. Bd2 Qh1+ 22. Kf2 Qd1 23. d6 g3+ 24. Kxg3 Rf8 25. dxc7 Qh5 26. c8=Q Rxc8
27. Bxf7+ Qxf7 28. Qxf7+ Kxf7 29. Bf4 Rc6 30. Na3 a6 31. Rf1 Kg8 32. Nc2 Rg6+
33. Kf3 Rf6 0-1

[Event "FICS rated blitz game"]
[Site "FICS freechess.org"]
[Date "2018.01.29"]
[Round "?"]
[White "vavroch"]
[Black "emmanuelde"]
[Result "1-0"]
[WhiteElo "1632"]
[BlackElo "1607"]
[PlyCount "37"]
[EventDate "2018.??.??"]
[EventType "blitz"]

1. e4 e5 2. c3 Nc6 3. Nf3 Bc5 4. Bb5 d6 5. d4 exd4 6. cxd4 Bb6 7. d5 Bd7 8.
dxc6 bxc6 9. Be2 Nf6 10. Nc3 Ng4 11. O-O Rb8 12. h3 Nf6 13. Bg5 h6 14. Bxf6
Qxf6 15. Rb1 Qg6 16. Kh1 f5 17. exf5 Bxf5 18. Re1 Bxb1 19. Bd3+ {Black resigns}
1-0

[Event "FICS rated blitz game"]
[Site "FICS freechess.org"]
[Date "2018.01.29"]
[Round "?"]
[White "fusjstone"]
[Black "akumba"]
[Result "0-1"]
[WhiteElo "1676"]
[BlackElo "1585"]
[PlyCount "98"]
[EventDate "2018.??.??"]
[EventType "blitz"]

1. e4 e5 2. Nf3 Nc6 3. c3 d5 4. exd5 Qxd5 5. Be2 e4 6. Ng1 f5 7. d4 Nf6 8. h3
Bd6 9. Nd2 e3 10. Bf3 exd2+ 11. Bxd2 Ne4 12. Qe2 O-O 13. c4 Qxd4 14. Bxe4 Qxe4
15. Nf3 Re8 16. Qxe4 Rxe4+ 17. Kd1 h6 18. b3 Be6 19. Kc2 Nb4+ 20. Kd1 Rd8 21.
Re1 Rxe1+ 22. Nxe1 Bf4 23. Nf3 Bxd2 24. Nxd2 Nd3 25. Ke2 Nf4+ 26. Ke3 g5 27. f3
Rd3+ 28. Kf2 Rxd2+ 29. Ke3 Rxg2 30. h4 Re2+ 31. Kd4 Kf7 32. hxg5 hxg5 33. a4
Rd2+ 34. Kc3 Rd3+ 35. Kc2 b6 36. Rh1 Kg6 37. Rh8 Rxf3 38. Ra8 Rf2+ 39. Kc3 a5
40. Ra7 Rf3+ 41. Kc2 c5 42. Kd1 Nd3 43. Re7 Kf6 44. Rc7 f4 45. Rb7 Bf5 46.
Rxb6+ Ke5 47. Kd2 Rf2+ 48. Kc3 Ne1 49. Rb5 Rc2# {White checkmated} 0-1